[Event "Schachfestival Basel"]
[Site "Basel"]
[Date "2018.01.05"]
[Round "6.19"]
[White "Pupier, Terry"]
[Black "Dekan, Hans"]
[Result "1/2-1/2"]
[WhiteElo "2107"]
[BlackElo "2138"]
[PlyCount "59"]
[EventDate "2018.01.??"]
[EventType "swiss"]
[EventRounds "9"]
[EventCountry "SUI"]
[SourceDate "2018.01.02"]

1. e4 c5 2. Nf3 Nc6 3. Nc3 Nf6 4. d4 cxd4 5. Nxd4 e5 6. Ndb5 d6 7. Bg5 a6 8.
Na3 b5 9. Nd5 Be7 10. Bxf6 Bxf6 11. c3 Bg5 12. Nc2 O-O 13. a4 Rb8 14. axb5 axb5
15. Bd3 Be6 16. Ncb4 Bxd5 17. Nxd5 b4 18. O-O bxc3 19. bxc3 Ne7 20. Bc4 Rb2 21.
Ra2 Rxa2 22. Bxa2 Qa5 23. Nxe7+ Bxe7 24. Qb3 Qc5 25. Rd1 Bd8 26. Qc4 Bb6 27.
Qxc5 Bxc5 28. Bd5 Rb8 29. Ra1 g6 30. Ra8 1/2-1/2

[Event "Schachfestival Basel"]
[Site "Basel"]
[Date "2018.01.05"]
[Round "6.20"]
[White "Xheladini, Mahmut"]
[Black "Bhend, Edwin"]
[Result "1/2-1/2"]
[WhiteElo "2174"]
[BlackElo "2123"]
[PlyCount "70"]
[EventDate "2018.01.??"]
[EventType "swiss"]
[EventRounds "9"]
[EventCountry "SUI"]
[SourceDate "2018.01.02"]

1. e4 c5 2. Nf3 Nc6 3. Nc3 Nf6 4. Bc4 e6 5. Qe2 d6 6. O-O a6 7. a4 Be7 8. d3
O-O 9. Re1 Bd7 10. Be3 Qc7 11. h3 Rac8 12. Qd2 Rfd8 13. Bg5 Be8 14. Ba2 Nd4 15.
Nh2 Bc6 16. a5 Re8 17. Be3 Bf8 18. Ne2 Nxe2+ 19. Rxe2 h6 20. g4 d5 21. g5 hxg5
22. Bxg5 Nh7 23. Bf4 Qd8 24. e5 Qh4 25. Kg2 d4+ 26. f3 Be7 27. Bg3 Qh5 28. Qf4
Nf8 29. Qg4 Qh6 30. Bc4 Ng6 31. Rh1 Bh4 32. Nf1 Bxg3 33. Kxg3 Ne7 34. h4 Nf5+
35. Kf2 Kf8 1/2-1/2

[Event "Schachfestival Basel"]
[Site "Basel"]
[Date "2018.01.05"]
[Round "6.21"]
[White "Sadeghi, Hassan Roger"]
[Black "Nyffenegger, Michael"]
[Result "1-0"]
[WhiteElo "2089"]
[BlackElo "2035"]
[PlyCount "43"]
[EventDate "2018.01.??"]
[EventType "swiss"]
[EventRounds "9"]
[EventCountry "SUI"]
[SourceDate "2018.01.02"]

1. d4 Nf6 2. c4 c5 3. e3 e6 4. Nc3 cxd4 5. exd4 Bb4 6. Bd3 O-O 7. Nf3 b6 8. O-O
Bb7 9. Bg5 Bxc3 10. bxc3 d6 11. Bf4 Qc7 12. c5 bxc5 13. dxc5 Bxf3 14. Qxf3 Qc6
15. Qxc6 Nxc6 16. cxd6 e5 17. Bg5 Rfd8 18. Rfd1 Na5 19. d7 Rab8 20. Bf5 Rb6 21.
Rab1 Rc6 22. Rb8 1-0

[Event "Schachfestival Basel"]
[Site "Basel"]
[Date "2018.01.05"]
[Round "6.22"]
[White "Zennaf, Karim"]
[Black "Beck, Michael"]
[Result "1/2-1/2"]
[WhiteElo "2013"]
[BlackElo "2084"]
[PlyCount "45"]
[EventDate "2018.01.??"]
[EventType "swiss"]
[EventRounds "9"]
[EventCountry "SUI"]
[SourceDate "2018.01.02"]

1. d4 Nf6 2. c4 g6 3. Nc3 Bg7 4. e4 d6 5. f3 O-O 6. Be3 a6 7. Qd2 Nc6 8. Nge2
Rb8 9. Rc1 Bd7 10. Nd1 b5 11. c5 d5 12. e5 Ne8 13. g3 f6 14. f4 Bg4 15. Bg2 e6
16. O-O f5 17. Nf2 Bxe2 18. Qxe2 Ne7 19. Nd3 c6 20. Ra1 a5 21. Bd2 Ra8 22. Rfb1
Rf7 23. Qe1 1/2-1/2

[Event "Schachfestival Basel"]
[Site "Basel"]
[Date "2018.01.05"]
[Round "6.23"]
[White "Faldum, Manfred"]
[Black "Ananya, Rishi Gupta"]
[Result "1-0"]
[WhiteElo "2065"]
[BlackElo "1945"]
[PlyCount "103"]
[EventDate "2018.01.??"]
[EventType "swiss"]
[EventRounds "9"]
[EventCountry "SUI"]
[SourceDate "2018.01.02"]

1. Nf3 d5 2. g3 Nf6 3. Bg2 Bf5 4. O-O e6 5. d3 h6 6. Nfd2 e5 7. c4 c6 8. Qb3
Qd7 9. cxd5 cxd5 10. Nc3 Be6 11. d4 exd4 12. Nb5 Nc6 13. Nf3 Bc5 14. Rd1 d3 15.
exd3 d4 16. Qc2 Bb6 17. Na3 O-O 18. Nc4 Nb4 19. Qd2 Bc5 20. a3 Nc6 21. b4 Bb6
22. Bb2 Bd5 23. a4 Bxf3 24. Bxf3 Rad8 25. b5 Ne7 26. Ba3 Rb8 27. Re1 Bd8 28.
Qb4 Ng6 29. Ne5 Qe7 30. Nxg6 Qxb4 31. Bxb4 fxg6 32. Bxf8 Kxf8 33. a5 b6 34. a6
Be7 35. Bc6 Kf7 36. Rac1 Bb4 37. Re5 Bd6 38. Re2 Rd8 39. Rc4 Be7 40. Bg2 Ne8
41. Rc6 Bf6 42. Rec2 Rd7 43. Be4 g5 44. Kg2 Ke7 45. Re2 Kf7 46. Bg6+ Kxg6 47.
Rxe8 Kf7 48. Rb8 Ke7 49. Rb7 Be5 50. Rcxb6 axb6 51. Rxd7+ Kxd7 52. a7 1-0

[Event "Schachfestival Basel"]
[Site "Basel"]
[Date "2018.01.05"]
[Round "6.24"]
[White "Weber, Dominik"]
[Black "Jud, Marc"]
[Result "1/2-1/2"]
[WhiteElo "2043"]
[BlackElo "2022"]
[PlyCount "23"]
[EventDate "2018.01.??"]
[EventType "swiss"]
[EventRounds "9"]
[EventCountry "SUI"]
[SourceDate "2018.01.02"]

1. d4 Nf6 2. Nf3 g6 3. c4 Bg7 4. Nc3 d5 5. cxd5 Nxd5 6. Bd2 O-O 7. Rc1 Nb6 8.
e3 Bg4 9. Be2 c6 10. O-O N8d7 11. Na4 Nxa4 12. Qxa4 1/2-1/2

[Event "Schachfestival Basel"]
[Site "Basel"]
[Date "2018.01.06"]
[Round "7.2"]
[White "Harff, Marcel"]
[Black "Chatalbashev, Boris"]
[Result "0-1"]
[WhiteElo "2375"]
[BlackElo "2570"]
[PlyCount "98"]
[EventDate "2018.01.??"]
[EventType "swiss"]
[EventRounds "9"]
[EventCountry "SUI"]
[SourceDate "2018.01.02"]

1. Nf3 g6 2. d4 Nf6 3. Bg5 Bg7 4. Nbd2 O-O 5. e4 d5 6. Bd3 dxe4 7. Nxe4 Nxe4 8.
Bxe4 c5 9. dxc5 Bxb2 10. Qxd8 Rxd8 11. Rb1 Bc3+ 12. Ke2 Nc6 13. Rb3 Bf6 14.
Bxf6 exf6 15. Rd1 Re8 16. Re3 Be6 17. Nd4 Nxd4+ 18. Rxd4 Rac8 19. Bxb7 Rxc5 20.
Kd2 Rb8 21. Bf3 Rb2 22. Rc3 Ra5 23. a4 Rb1 24. Rc7 Ra1 25. Kd3 Kg7 26. Rb4 g5
27. h3 Rf1 28. Ke2 Ra1 29. Kd3 Ra2 30. Kd4 Re5 31. Bg4 Rd5+ 32. Kc3 f5 33. Bf3
Ra5 34. Kd3 Kf6 35. c4 Rxf2 36. Kc3 h5 37. Bxh5 Rxg2 38. Rbb7 Rg3+ 39. Kb4 Re5
40. Rxa7 Rxh3 41. Bxf7 g4 42. Bxe6 Rxe6 43. Rg7 Ke5 44. a5 Kf4 45. a6 Rhh6 46.
Ka5 g3 47. Ra8 Rhg6 48. Rxg6 Rxg6 49. a7 Rg7 0-1

[Event "Schachfestival Basel"]
[Site "Basel"]
[Date "2018.01.06"]
[Round "7.4"]
[White "Firat, Burak"]
[Black "Kerigan, Demre"]
[Result "1/2-1/2"]
[WhiteElo "2453"]
[BlackElo "2340"]
[PlyCount "26"]
[EventDate "2018.01.??"]
[EventType "swiss"]
[EventRounds "9"]
[EventCountry "SUI"]
[SourceDate "2018.01.02"]

1. d4 Nf6 2. Nf3 g6 3. c4 Bg7 4. Nc3 O-O 5. e4 d6 6. Be2 e5 7. d5 a5 8. h3 Nh5
9. g3 Na6 10. Nh2 Nf6 11. Nf3 Nh5 12. Nh2 Nf6 13. Nf3 Nh5 1/2-1/2

[Event "Schachfestival Basel"]
[Site "Basel"]
[Date "2018.01.06"]
[Round "7.6"]
[White "Beukema, Jasper"]
[Black "Woellermann, Jan"]
[Result "1/2-1/2"]
[WhiteElo "2249"]
[BlackElo "2392"]
[PlyCount "20"]
[EventDate "2018.01.??"]
[EventType "swiss"]
[EventRounds "9"]
[EventCountry "SUI"]
[SourceDate "2018.01.02"]

1. d4 Nf6 2. Bf4 d5 3. e3 c5 4. Nc3 cxd4 5. exd4 a6 6. Nf3 Nc6 7. Be2 Bf5 8.
O-O e6 9. Ne5 Nxe5 10. Bxe5 Bd6 1/2-1/2

[Event "Schachfestival Basel"]
[Site "Basel"]
[Date "2018.01.06"]
[Round "7.7"]
[White "Meijers, Viesturs"]
[Black "Lee, Qing Aun"]
[Result "1-0"]
[WhiteElo "2477"]
[BlackElo "2277"]
[PlyCount "117"]
[EventDate "2018.01.??"]
[EventType "swiss"]
[EventRounds "9"]
[EventCountry "SUI"]
[SourceDate "2018.01.02"]

1. d4 Nf6 2. Nf3 e6 3. g3 d5 4. Bg2 Be7 5. O-O O-O 6. b3 c5 7. Bb2 Nc6 8. e3 b6
9. c4 Ba6 10. Ne5 Rc8 11. Re1 cxd4 12. Nxc6 Rxc6 13. Qxd4 Rc7 14. cxd5 Bc5 15.
Qa4 Bb7 16. Be5 Bd6 17. Bxd6 Qxd6 18. Na3 a6 19. Nc4 Qc5 20. d6 b5 21. Qa5 Rd7
22. Bxb7 Rxb7 23. Red1 Rd7 24. Rac1 Qf5 25. Nb6 Ne4 26. f4 Rxd6 27. Nd7 Rxd1+
28. Rxd1 Re8 29. Ne5 Nf6 30. Qc7 Nd5 31. Qd7 Rf8 32. Rxd5 f6 33. Rd6 fxe5 34.
Qxe6+ Qxe6 35. Rxe6 exf4 36. exf4 Ra8 37. Rb6 Kf7 38. Kg2 Ra7 39. Kf3 Ke7 40.
f5 Kd8 41. g4 Kc7 42. Re6 Kd7 43. h4 a5 44. Rb6 b4 45. g5 Rc7 46. Rb5 Ra7 47.
Kf4 Ke7 48. h5 Kf7 49. Rb6 Kf8 50. Rb8+ Kf7 51. Rh8 Rc7 52. h6 Rc1 53. Rxh7
Rf1+ 54. Ke5 Re1+ 55. Kd5 Rd1+ 56. Kc6 Rc1+ 57. Kb6 Kg8 58. Rxg7+ Kh8 59. Rd7
1-0

[Event "Schachfestival Basel"]
[Site "Basel"]
[Date "2018.01.06"]
[Round "7.8"]
[White "Faraone, Ettore"]
[Black "Karthik, Venkataraman"]
[Result "0-1"]
[WhiteElo "2079"]
[BlackElo "2476"]
[PlyCount "78"]
[EventDate "2018.01.??"]
[EventType "swiss"]
[EventRounds "9"]
[EventCountry "SUI"]
[SourceDate "2018.01.02"]

1. e4 g6 2. d4 Bg7 3. Nc3 a6 4. Be3 d6 5. Qd2 Nd7 6. O-O-O b5 7. Nb1 Bb7 8. f3
Rc8 9. g3 c5 10. Bh3 cxd4 11. Bxd4 Ngf6 12. Na3 O-O 13. Ne2 Qc7 14. Kb1 Rcd8
15. Ka1 Ne5 16. Qe3 b4 17. Bxe5 dxe5 18. Nb1 Qxc2 19. Rxd8 Rxd8 20. Qb6 Re8 21.
Re1 Qc6 22. Qxb4 Bh6 23. Nbc3 e6 24. Rd1 Bf8 25. Qa5 Bc5 26. Rd8 Rxd8 27. Qxd8+
Kg7 28. a3 Nd7 29. g4 Qd6 30. g5 Bb6 31. Qe8 Nc5 32. Bg4 Bc6 33. Qc8 Bd7 34.
Qa8 Qd2 35. Qb8 Nd3 36. Qxb6 Bb5 37. Na4 Qd1+ 38. Ka2 Bc4+ 39. b3 Qxe2+ 0-1

[Event "Schachfestival Basel"]
[Site "Basel"]
[Date "2018.01.06"]
[Round "7.9"]
[White "Fischer, Daniel"]
[Black "Paul, Johannes"]
[Result "1/2-1/2"]
[WhiteElo "2123"]
[BlackElo "2331"]
[PlyCount "135"]
[EventDate "2018.01.??"]
[EventType "swiss"]
[EventRounds "9"]
[EventCountry "SUI"]
[SourceDate "2018.01.02"]

1. e4 e6 2. d4 d5 3. Nd2 Nf6 4. e5 Nfd7 5. Bd3 c5 6. c3 Nc6 7. Ne2 cxd4 8. cxd4
f6 9. exf6 Nxf6 10. O-O Bd6 11. Nf3 Qb6 12. Bf4 Bxf4 13. Nxf4 O-O 14. Qd2 Bd7
15. Rfe1 Rae8 16. Rac1 Re7 17. Bb1 Rfe8 18. a3 e5 19. dxe5 Nxe5 20. Nxe5 Rxe5
21. Rxe5 Rxe5 22. Ba2 Bc6 23. Rd1 Qd8 24. h3 Kh8 25. Nd3 Re7 26. Nb4 Ba4 27.
Rc1 d4 28. Bb1 a5 29. Bf5 Bd7 30. Bxd7 Rxd7 31. Nd3 Re7 32. Qf4 Kg8 33. Qf5 Rc7
34. Re1 Rc6 35. Qe5 b6 36. Qb5 Rd6 37. Qc4+ Nd5 38. Qxd4 Ne3 39. Qxe3 Rxd3 40.
Qe6+ Kf8 41. Qf5+ Kg8 42. Qh5 g6 43. Qg4 Kg7 44. Qe6 Rd1 45. Qe5+ Kg8 46. Rxd1
Qxd1+ 47. Kh2 Qb3 48. Qd4 h5 49. h4 Kf7 50. g3 Qb5 51. Kg2 Qc6+ 52. Kf1 Kg8 53.
Ke2 Kh7 54. Kd3 Qf3+ 55. Kd2 Qc6 56. Ke3 Qe6+ 57. Kf3 Qf5+ 58. Kg2 Qe6 59. Kf1
Qc6 60. Ke2 Qe6+ 61. Kd2 Qc6 62. Qe5 Kg8 63. Ke3 Qc1+ 64. Kf3 Qd1+ 65. Qe2 Qd4
66. Qe6+ Kg7 67. Qe7+ Kg8 68. Qe8+ 1/2-1/2

[Event "Schachfestival Basel"]
[Site "Basel"]
[Date "2018.01.06"]
[Round "7.10"]
[White "Aeschbach, Philipp"]
[Black "Heinemann, Josefine"]
[Result "1/2-1/2"]
[WhiteElo "2304"]
[BlackElo "2270"]
[PlyCount "83"]
[EventDate "2018.01.??"]
[EventType "swiss"]
[EventRounds "9"]
[EventCountry "SUI"]
[SourceDate "2018.01.02"]

1. c4 Nf6 2. g3 c5 3. Bg2 d5 4. cxd5 Nxd5 5. Nc3 Nc7 6. Nf3 Nc6 7. O-O e5 8. a3
Rb8 9. Rb1 f6 10. d3 Be6 11. Be3 Be7 12. Nd2 Qd7 13. Nde4 b6 14. Qa4 Nd5 15. b4
Nxc3 16. Nxc3 Nd4 17. Qxd7+ Kxd7 18. Rfc1 Rhc8 19. b5 c4 20. Bxd4 exd4 21. Bc6+
Kd8 22. Nd5 Rxc6 23. Nxe7 Kxe7 24. bxc6 c3 25. Rb4 Rc8 26. Rxd4 Rxc6 27. f4 a5
28. Kf2 b5 29. e4 Rc5 30. Ke3 Bb3 31. g4 g5 32. fxg5 fxg5 33. h3 Be6 34. Ke2
Bb3 35. Ke3 Be6 36. Ke2 Bb3 37. Rf1 Rc8 38. Rb1 Ke6 39. Rc1 Ke7 40. Ke3 Ke6 41.
Rf1 Ke7 42. Rc1 1/2-1/2

[Event "Schachfestival Basel"]
[Site "Basel"]
[Date "2018.01.06"]
[Round "7.11"]
[White "Kappeler, Kaspar"]
[Black "Wenner, Tobias"]
[Result "1/2-1/2"]
[WhiteElo "2280"]
[BlackElo "2145"]
[PlyCount "124"]
[EventDate "2018.01.??"]
[EventType "swiss"]
[EventRounds "9"]
[EventCountry "SUI"]
[SourceDate "2018.01.02"]

1. d4 Nf6 2. c4 g6 3. Nc3 Bg7 4. e4 d6 5. Nf3 O-O 6. Be2 Na6 7. O-O e5 8. Bg5
exd4 9. Nxd4 Qe8 10. f3 Qe5 11. Be3 c6 12. Nc2 Qe7 13. Qd2 Rd8 14. Rad1 Be6 15.
Bg5 Qf8 16. Qf4 Nh5 17. Qh4 f6 18. Be3 Qf7 19. g4 Nf4 20. Bxf4 g5 21. Bxg5 fxg5
22. Qxg5 h6 23. Qh5 Bxc4 24. Bxc4 Qxc4 25. Ne3 Qf7 26. Qxf7+ Kxf7 27. Nf5 Bf8
28. Rd2 Nc7 29. Rfd1 Ke6 30. Kg2 Rd7 31. h4 Rad8 32. Re2 Kf7 33. h5 d5 34. Red2
Ne6 35. Ne2 Nc5 36. exd5 Rxd5 37. Rxd5 Rxd5 38. Rxd5 cxd5 39. b3 Nd3 40. Kg3
Kf6 41. Nf4 Nb4 42. a3 Nc2 43. Nxd5+ Ke5 44. Nde3 Nxa3 45. f4+ Ke4 46. g5 hxg5
47. fxg5 Nc2 48. Nxc2 Kxf5 49. Kh4 Bc5 50. g6 Be7+ 51. Kg3 Bf6 52. Kf3 Kg5 53.
Ke4 Kxh5 54. Kf5 Bc3 55. Ne3 Kh6 56. Nd5 Bb2 57. Nf4 a5 58. Ke6 Kg7 59. Kd5 b5
60. Kc5 a4 61. bxa4 bxa4 62. Kb4 a3 1/2-1/2

[Event "Schachfestival Basel"]
[Site "Basel"]
[Date "2018.01.06"]
[Round "7.12"]
[White "Meier, Volker"]
[Black "Biastoch, Bennet"]
[Result "1-0"]
[WhiteElo "2284"]
[BlackElo "2234"]
[PlyCount "135"]
[EventDate "2018.01.??"]
[EventType "swiss"]
[EventRounds "9"]
[EventCountry "SUI"]
[SourceDate "2018.01.02"]

1. c4 e5 2. Nc3 Nf6 3. g3 d5 4. cxd5 Nxd5 5. Bg2 Nb6 6. Nf3 Nc6 7. O-O Be7 8.
a3 O-O 9. b4 Re8 10. d3 Bf8 11. Bb2 a5 12. b5 Nd4 13. Nd2 Rb8 14. Re1 Bd7 15.
a4 Bg4 16. h3 Bh5 17. g4 Bg6 18. Nce4 Bb4 19. e3 Bxe4 20. Nxe4 Bxe1 21. exd4
Bb4 22. dxe5 Nd5 23. Qf3 c6 24. g5 Nc7 25. h4 Ne6 26. Qe3 Qe7 27. f4 Nc5 28.
Ng3 Red8 29. d4 Ne6 30. Kh2 cxb5 31. d5 Qc5 32. Qe4 Qf2 33. Bc1 Nc5 34. Qb1 Be1
35. Ra3 Rxd5 36. Rf3 Qd4 37. Nf5 Qd1 38. Ne7+ Kh8 39. Nxd5 Qxd5 40. Qxb5 Bb4
41. Be3 Qd7 42. Qxd7 Nxd7 43. Ba7 Rc8 44. Rd3 Nf8 45. Be3 Ne6 46. Bxb7 Rc2+ 47.
Kg3 g6 48. h5 Rc3 49. Rxc3 Bxc3 50. h6 Nd4 51. Kf2 Kg8 52. Bc1 Nb3 53. Be3 Nd4
54. Bd5 Kf8 55. Bc1 Bb4 56. Ke3 Ne6 57. Bc6 Nc5 58. Bb2 Ne6 59. Bc1 Nc5 60. Kf3
Ke7 61. Be3 Kd8 62. f5 Ke7 63. Kf4 Nd3+ 64. Ke4 Nc5+ 65. Kd5 Nd3 66. f6+ Kf8
67. Bb5 Nb2 68. Bc5+ 1-0

[Event "Schachfestival Basel"]
[Site "Basel"]
[Date "2018.01.06"]
[Round "7.13"]
[White "Yakimenko, Alexander A"]
[Black "Roseneck, Jonas"]
[Result "0-1"]
[WhiteElo "2146"]
[BlackElo "2279"]
[PlyCount "104"]
[EventDate "2018.01.??"]
[EventType "swiss"]
[EventRounds "9"]
[EventCountry "SUI"]
[SourceDate "2018.01.02"]

1. d4 d5 2. Nf3 Nf6 3. c4 e6 4. Nc3 Bb4 5. e3 O-O 6. a3 Bxc3+ 7. bxc3 c6 8. Bd3
b6 9. O-O Ba6 10. Ne5 Nfd7 11. f4 Nxe5 12. fxe5 Bxc4 13. Bxc4 dxc4 14. Qe2 b5
15. a4 f5 16. Ba3 Rf7 17. e4 Na6 18. exf5 Rxf5 19. Rxf5 exf5 20. axb5 cxb5 21.
Bd6 Nc7 22. Qf3 Ne8 23. Be7 Qc8 24. Qd5+ Kh8 25. Qxb5 Rb8 26. Qc5 Qe6 27. Bh4
h6 28. Re1 f4 29. Qf8+ Kh7 30. Qxf4 Nc7 31. Ra1 Qg6 32. Qd2 Nd5 33. h3 Qe4 34.
Bg3 Rb3 35. Rc1 a5 36. Kh2 a4 37. Re1 Qg6 38. e6 Rxc3 39. Qf2 Ne7 40. Bd6 Rc2
41. Qf3 Nf5 42. Bg3 Nxd4 43. Qf7 Re2 44. Rxe2 Nxe2 45. Be5 c3 46. Qc7 c2 47.
Bxg7 Qg3+ 48. Qxg3 Nxg3 49. Bb2 Nf5 50. g4 Nd6 51. Ba3 Kg6 52. Kg3 Nc4 0-1

[Event "Schachfestival Basel"]
[Site "Basel"]
[Date "2018.01.06"]
[Round "7.14"]
[White "Parnali, S Dharia"]
[Black "Simon, Ralf Axel"]
[Result "1-0"]
[WhiteElo "2082"]
[BlackElo "2146"]
[PlyCount "107"]
[EventDate "2018.01.??"]
[EventType "swiss"]
[EventRounds "9"]
[EventCountry "SUI"]
[SourceDate "2018.01.02"]

1. d4 d5 2. c4 e6 3. Nf3 Nf6 4. g3 Bb4+ 5. Bd2 Be7 6. Bg2 O-O 7. O-O c6 8. Qc2
b6 9. Bf4 Ba6 10. Nbd2 Nbd7 11. Rac1 Nh5 12. Be3 Bd6 13. Qa4 Bb7 14. b4 dxc4
15. b5 cxb5 16. Qxb5 Bd5 17. Nxc4 Bc7 18. Nfe5 Bxg2 19. Kxg2 Nxe5 20. Nxe5 Nf6
21. Bg5 Rc8 22. Nc6 a6 23. Bxf6 axb5 24. Bxd8 Bxd8 25. Nxd8 Rcxd8 26. e3 Ra8
27. Rc2 Ra5 28. Rb1 Rfa8 29. Rcb2 Rxa2 30. Rxb5 g6 31. Rxb6 Kg7 32. g4 h6 33.
Kg3 R8a4 34. Rb7 Rc2 35. R1b2 Rc1 36. Rd7 Rg1+ 37. Kf3 Ra8 38. Rdb7 Rh1 39. Kg2
Raa1 40. Re7 Rhg1+ 41. Kf3 Ra8 42. Rbb7 Rf8 43. Rxe6 Ra1 44. Ree7 Rh1 45. Kg2
Rd1 46. h4 Kf6 47. g5+ hxg5 48. hxg5+ Kxg5 49. Rxf7 Ra8 50. Kf3 Rd2 51. Kg3 Rh8
52. f4+ Kh6 53. Rb1 g5 54. f5 1-0

[Event "Schachfestival Basel"]
[Site "Basel"]
[Date "2018.01.06"]
[Round "7.15"]
[White "Maerevoet, Sim"]
[Black "Schwander, Lukas"]
[Result "1/2-1/2"]
[WhiteElo "2270"]
[BlackElo "2135"]
[PlyCount "71"]
[EventDate "2018.01.??"]
[EventType "swiss"]
[EventRounds "9"]
[EventCountry "SUI"]
[SourceDate "2018.01.02"]

1. d4 d5 2. c4 c6 3. Nc3 Nf6 4. Nf3 dxc4 5. e4 b5 6. e5 Nd5 7. a4 Bf5 8. Nh4
Nxc3 9. bxc3 Be6 10. Ba3 g6 11. f4 Bd5 12. Qg4 e6 13. Be2 Bxa3 14. Rxa3 Qe7 15.
Ra1 Nd7 16. O-O Nb6 17. axb5 cxb5 18. Rfb1 a6 19. Bf3 Bxf3 20. Nxf3 O-O 21. Ng5
Nd5 22. Qh3 h5 23. Rf1 Kg7 24. Ne4 Rh8 25. Qf3 Qd7 26. h3 h4 27. Nd6 Ne7 28.
Kh2 Nf5 29. Nxf5+ gxf5 30. g4 hxg3+ 31. Qxg3+ Kf8 32. Rg1 Ke8 33. Qg8+ Ke7 34.
Qg5+ Ke8 35. Qg7 Rf8 36. Rg3 1/2-1/2

[Event "Schachfestival Basel"]
[Site "Basel"]
[Date "2018.01.06"]
[Round "7.16"]
[White "Goldie, Thomas"]
[Black "Petermann, Michail"]
[Result "1/2-1/2"]
[WhiteElo "2098"]
[BlackElo "2251"]
[PlyCount "91"]
[EventDate "2018.01.??"]
[EventType "swiss"]
[EventRounds "9"]
[EventCountry "SUI"]
[SourceDate "2018.01.02"]

1. e4 c5 2. Nf3 e6 3. d4 cxd4 4. Nxd4 Nc6 5. Nb5 d6 6. c4 a6 7. Nd4 Nf6 8. Nc3
Be7 9. Be2 O-O 10. O-O e5 11. Nc2 Be6 12. Be3 Rc8 13. f3 Na5 14. b3 Nd7 15. Nd5
f5 16. exf5 Rxf5 17. Nxe7+ Qxe7 18. Qd2 b6 19. Rad1 Nb7 20. Bd3 Rf7 21. Be4
Ndc5 22. Bxb7 Nxb7 23. Bxb6 Rf6 24. Bf2 Rg6 25. Kh1 Rf8 26. Nb4 a5 27. Nd5 Qd8
28. Rfe1 h5 29. Re4 Rf7 30. Bh4 Qf8 31. Re3 Nc5 32. Rg1 e4 33. fxe4 Rg4 34. Be7
Rxe7 35. Nxe7+ Qxe7 36. Rge1 Qg5 37. Qxd6 Rxg2 38. Rg3 Rxg3 39. hxg3 Kh7 40.
Qf4 Qe7 41. Qe5 g6 42. Rd1 Qf7 43. Kg2 Bg4 44. Rd8 Qf3+ 45. Kg1 Qe3+ 46. Kg2
1/2-1/2

[Event "Schachfestival Basel"]
[Site "Basel"]
[Date "2018.01.06"]
[Round "7.17"]
[White "Haenggi, Markus"]
[Black "Xheladini, Mahmut"]
[Result "0-1"]
[WhiteElo "2065"]
[BlackElo "2174"]
[PlyCount "88"]
[EventDate "2018.01.??"]
[EventType "swiss"]
[EventRounds "9"]
[EventCountry "SUI"]
[SourceDate "2018.01.02"]

1. e4 c6 2. c4 d6 3. d4 Nd7 4. Nc3 e5 5. Nf3 Ngf6 6. Be2 Be7 7. O-O Qc7 8. a3
a6 9. b4 b6 10. Bb2 Bb7 11. Qc2 a5 12. b5 cxb5 13. Nxb5 Qb8 14. Bd3 O-O 15.
Rfe1 Re8 16. Rad1 Bf8 17. a4 h6 18. Qe2 exd4 19. Nfxd4 Nxe4 20. Qc2 Ndc5 21. f3
Nxd3 22. Qxd3 Nc5 23. Qf5 Nxa4 24. Ba1 Nc5 25. Qg4 Rxe1+ 26. Rxe1 Bc8 27. Qg3
Be6 28. f4 Bd7 29. Re7 Qd8 30. Nf5 Bxf5 31. Rxf7 Kxf7 32. Nd4 Qd7 33. Qf3 Re8
34. Qd5+ Be6 35. Qh5+ Kg8 36. f5 Bxc4 37. f6 Re1+ 38. Kf2 Nd3+ 39. Kg3 Rxa1 40.
Nf5 Ne5 41. fxg7 Bxg7 42. h3 Qf7 43. Nxh6+ Bxh6 44. Qxh6 Qg7+ 0-1

[Event "Schachfestival Basel"]
[Site "Basel"]
[Date "2018.01.06"]
[Round "7.18"]
[White "Schaefer, Reyk"]
[Black "Pupier, Terry"]
[Result "1-0"]
[WhiteElo "2162"]
[BlackElo "2107"]
[PlyCount "77"]
[EventDate "2018.01.??"]
[EventType "swiss"]
[EventRounds "9"]
[EventCountry "SUI"]
[SourceDate "2018.01.02"]

1. d4 Nf6 2. c4 e6 3. g3 Bb4+ 4. Bd2 Qe7 5. Nf3 O-O 6. Nc3 Bxc3 7. Bxc3 Ne4 8.
Rc1 Nxc3 9. Rxc3 d6 10. Bg2 Nd7 11. O-O e5 12. Qc2 e4 13. Nd2 f5 14. e3 Nf6 15.
f3 exf3 16. Rxf3 Bd7 17. Rf1 Rae8 18. b4 c6 19. b5 g6 20. Qa4 cxb5 21. cxb5 Rc8
22. Rfc1 Rxc3 23. Rxc3 a6 24. Qb3+ Be6 25. Qc2 Nd5 26. Rb3 Rc8 27. Qb2 axb5 28.
Rxb5 Nxe3 29. Rxb7 Rc7 30. Rb8+ Bc8 31. Bf3 Kg7 32. d5+ Kh6 33. Rb4 g5 34. Rb6
g4 35. Qa3 Rc5 36. Qxc5 gxf3 37. Rxd6+ Kh5 38. Rh6+ Kxh6 39. Qxe7 1-0

[Event "Schachfestival Basel"]
[Site "Basel"]
[Date "2018.01.06"]
[Round "7.19"]
[White "Schweizer, Simon"]
[Black "Faldum, Manfred"]
[Result "1-0"]
[WhiteElo "2159"]
[BlackElo "2065"]
[PlyCount "51"]
[EventDate "2018.01.??"]
[EventType "swiss"]
[EventRounds "9"]
[EventCountry "SUI"]
[SourceDate "2018.01.02"]

1. Nf3 Nf6 2. c4 g6 3. d4 Bg7 4. Nc3 O-O 5. g3 d6 6. Bg2 Nc6 7. O-O a6 8. b3
Rb8 9. Bb2 Na5 10. Qd2 c5 11. Rad1 cxd4 12. Nxd4 Bd7 13. Nd5 b5 14. cxb5 axb5
15. Nxe7+ Qxe7 16. Qxa5 Rfc8 17. Rc1 Rc5 18. b4 Rc4 19. Rxc4 bxc4 20. Qa7 Rc8
21. e3 d5 22. b5 Qd8 23. Ba3 Ra8 24. Be7 Qe8 25. Qc5 Ne4 26. Qxd5 1-0

[Event "Schachfestival Basel"]
[Site "Basel"]
[Date "2018.01.06"]
[Round "7.20"]
[White "Dekan, Hans"]
[Black "Sadeghi, Hassan Roger"]
[Result "0-1"]
[WhiteElo "2138"]
[BlackElo "2089"]
[PlyCount "62"]
[EventDate "2018.01.??"]
[EventType "swiss"]
[EventRounds "9"]
[EventCountry "SUI"]
[SourceDate "2018.01.02"]

1. e4 e5 2. Nf3 Nc6 3. Bb5 a6 4. Bc4 Nf6 5. O-O Nxe4 6. Bd5 Nf6 7. Bxc6 dxc6 8.
Nxe5 c5 9. d3 Be6 10. Bg5 h6 11. Bh4 Qd4 12. Bg3 Bd6 13. Re1 Qxb2 14. Nd2 O-O
15. Nec4 Bxc4 16. Nxc4 Qd4 17. Qf3 Qd5 18. Qxd5 Nxd5 19. Nxd6 cxd6 20. Bxd6
Rfd8 21. Bxc5 Rac8 22. Be3 Rxc2 23. d4 b5 24. Rec1 Rdc8 25. Rxc2 Rxc2 26. Kf1
f5 27. g3 Nxe3+ 28. fxe3 Rxh2 29. Rd1 Rh1+ 30. Ke2 Rxd1 31. Kxd1 Kf7 0-1

[Event "Schachfestival Basel"]
[Site "Basel"]
[Date "2018.01.06"]
[Round "7.21"]
[White "Bhend, Edwin"]
[Black "Zennaf, Karim"]
[Result "1-0"]
[WhiteElo "2123"]
[BlackElo "2013"]
[PlyCount "95"]
[EventDate "2018.01.??"]
[EventType "swiss"]
[EventRounds "9"]
[EventCountry "SUI"]
[SourceDate "2018.01.02"]

1. d4 d5 2. Nc3 Nf6 3. Bg5 Nbd7 4. e3 h6 5. Bh4 e6 6. a3 c5 7. Nf3 Be7 8. Be2
O-O 9. O-O b6 10. Ne5 Nxe5 11. dxe5 Ne8 12. Bg3 Nc7 13. Qe1 b5 14. Rd1 b4 15.
Nb1 Qe8 16. f4 Rb8 17. axb4 Rxb4 18. b3 a5 19. Nc3 Bd7 20. Na2 Rb8 21. Qxa5 Nb5
22. Qd2 Ra8 23. Nc3 Bd8 24. Nxb5 Bxb5 25. Ra1 Ba5 26. Rxa5 Rxa5 27. Qxa5 Bxe2
28. Ra1 Qb5 29. Bh4 Rb8 30. Be7 c4 31. Qxb5 Rxb5 32. b4 Rb7 33. Bc5 Bh5 34. h3
Bg6 35. c3 d4 36. exd4 Rb8 37. Kf2 Be4 38. g4 f6 39. exf6 gxf6 40. Ra7 Ra8 41.
Rxa8+ Bxa8 42. b5 Kf7 43. b6 Bd5 44. h4 Kg6 45. h5+ Kf7 46. Kg3 Kg7 47. Kh4 Kf7
48. g5 1-0